Empleo y salarios pagados por 20653 empresas en el mes de noviembre de 1973

Guardado en:
書目詳細資料
企業作者: Costa Rica. Ministerio de Trabajo y Seguridad Social
格式: Texto
出版: San José: Depto de Investigaciones Sociales y Estadística
主題:
標簽: 添加標簽
沒有標簽, 成為第一個標記此記錄!

MARC

LEADER 00000 a a2200000 04500
001 17106
003
040 |a CRAI/IIS  |c CRAI/IIS 
090 |a 007200  
110 |a Costa Rica. Ministerio de Trabajo y Seguridad Social  
245 |a Empleo y salarios pagados por 20653 empresas en el mes de noviembre de 1973  
260 |a San José:   |b Depto de Investigaciones Sociales y Estadística  
300 |a 40 p.  
650 |a EMPLEO  
650 |a SALARIOS  
999 |c 3844  |d 3844